[Event "ch-RUS Rapid Women"]
[Site "Olginka RUS"]
[Date "2011.04.26"]
[Round "6"]
[White "Novikova, Anna"]
[Black "Shaydullina, Sandugach"]
[Result "1/2-1/2"]
[WhiteTitle "WIM"]
[BlackTitle "WGM"]
[WhiteElo "2240"]
[BlackElo "2178"]
[WhiteFideId "4146794"]
[BlackFideId "4140389"]
[EventDate "2011.04.25"]

1. e4 c5 2. c3 e5 3. Nf3 Nc6 4. Bc4 Nf6 5. d3 Be7 6. O-O O-O 7. Bb3 d5 8. exd5
Nxd5 9. Re1 Bf6 10. Bc2 Qc7 11. Na3 Rd8 12. Qe2 Bf5 13. Nc4 Nf4 14. Bxf4 exf4
15. a4 b6 16. h3 h6 17. Rad1 a6 18. Ncd2 g5 19. Ne4 Bg7 20. Nh2 Bg6 21. h4 f5
22. Bb3+ Kh8 23. Nxg5 hxg5 24. hxg5 Ne5 25. d4 c4 26. Bc2 Nf7 27. Nf3 Re8 28.
Qxe8+ Rxe8 29. Rxe8+ Kh7 30. Rde1 Nd6 31. R8e7 Qd8 32. R7e6 Ne4 33. Nh4 Qxg5 34.
Bxe4 Qxh4 35. Bb7 Qg5 36. Rxb6 Bh5 37. f3 Qd8 38. Rbe6 Bf6 39. Bxa6 Bh4 40. R1e2
Bxf3 41. gxf3 Qg8+ 42. Kf1 Qg3 43. Bb7 Qh3+ 44. Rg2 Qh1+ 45. Rg1 Qh3+ 46. Rg2
Qh1+ 47. Rg1 Qh3+ 48. Rg2 Qh1+ 49. Rg1 Qh3+ 50. Rg2 Qh1+ 51. Rg1 Qh3+ 52. Rg2
Qh1+ 53. Rg1 Qh3+ 54. Rg2 Qh1+ 55. Rg1 Qh3+ 56. Rg2 Qh1+ 1/2-1/2

[Event "ch-RUS Rapid Women"]
[Site "Olginka RUS"]
[Date "2011.04.26"]
[Round "6"]
[White "Sukhareva, Valentina"]
[Black "Kabanova, Ekaterina"]
[Result "1-0"]
[BlackTitle "WFM"]
[WhiteElo "1936"]
[BlackElo "2190"]
[WhiteFideId "4162331"]
[BlackFideId "24112917"]
[EventDate "2011.04.25"]

1. f4 c5 2. Nf3 e6 3. b3 Qc7 4. e3 a6 5. c4 Nf6 6. Bb2 Be7 7. Ne5 d6 8. Ng4 Nbd7
9. Nf2 Rb8 10. Nc3 O-O 11. e4 b6 12. g4 Bb7 13. g5 Ne8 14. Qg4 Bc6 15. h4 b5 16.
h5 bxc4 17. Bxc4 Nb6 18. Bxa6 d5 19. Bd3 c4 20. exd5 cxd3 21. dxc6 Qxc6 22. O-O
Nc4 23. Bc1 Ncd6 24. Nxd3 Nf5 25. Qf3 Qb6+ 26. Kh2 Rd8 27. Ne5 f6 28. Nc4 Qc7
29. g6 Nh6 30. a4 f5 31. Nb5 Qb8 32. Ne5 Nf6 33. Nc6 Nhg4+ 34. Kh3 Qb7 35. Nxd8
Qxf3+ 36. Rxf3 Rxd8 37. d4 Rc8 38. Rc3 Rd8 39. Rc7 Bb4 40. a5 Nd5 41. a6 Nf2+
42. Kg2 Nd3 43. a7 Nb6 44. Rb7 Ne1+ 45. Kf1 Nc2 46. Rb8 Rf8 47. Rxf8+ Kxf8 48.
a8=Q+ Nxa8 49. Rxa8+ Ke7 50. gxh7 Bd6 51. h8=Q Nb4 52. Ke1 1-0

[Event "ch-RUS Rapid Women"]
[Site "Olginka RUS"]
[Date "2011.04.26"]
[Round "6"]
[White "Semenova, Elena"]
[Black "Tomilova, Elena"]
[Result "0-1"]
[WhiteTitle "WFM"]
[BlackTitle "WIM"]
[WhiteElo "2170"]
[BlackElo "2315"]
[WhiteFideId "24125148"]
[BlackFideId "4162340"]
[EventDate "2011.04.25"]

1. e4 e6 2. d4 d5 3. Nc3 Bb4 4. Ne2 dxe4 5. a3 Be7 6. Nxe4 Nf6 7. N2g3 Bd7 8.
Bd3 Bc6 9. c3 Nbd7 10. O-O O-O 11. Qe2 Nxe4 12. Nxe4 Nf6 13. Nxf6+ Bxf6 14. Bf4
Qd5 15. f3 Rac8 16. Be4 Qd7 17. Bc2 g6 18. Rfe1 Rfd8 19. Rad1 Bb5 20. Qf2 Bc4
21. b3 Ba6 22. Be4 c5 23. Be3 cxd4 24. Bxd4 Bxd4 25. Rxd4 Qe7 26. a4 Rxc3 27.
Rxd8+ Qxd8 28. Qxa7 Rxb3 29. Bc2 Rb2 30. Rd1 Qb6+ 31. Qxb6 Rxb6 32. Kf2 Rb2 33.
Rd2 Bc4 34. Kg3 Kg7 35. Rf2 g5 36. Bd1 Rxf2 37. Kxf2 Kf6 38. Ke3 Ke5 39. a5 f5
40. g3 f4+ 41. gxf4+ gxf4+ 42. Kd2 Kd4 43. Bc2 h6 44. h4 Bd5 45. Ke2 Kc3 46. Bd3
Bc4 47. Bxc4 Kxc4 48. h5 Kd4 49. Kd2 e5 50. Ke2 Kd5 0-1

[Event "ch-RUS Rapid Women"]
[Site "Olginka RUS"]
[Date "2011.04.26"]
[Round "7"]
[White "Pogonina, Natalija"]
[Black "Gunina, Valentina"]
[Result "1-0"]
[WhiteTitle "WGM"]
[BlackTitle "WGM"]
[WhiteElo "2446"]
[BlackElo "2472"]
[WhiteFideId "4147855"]
[BlackFideId "4167570"]
[EventDate "2011.04.25"]

1. e4 c6 2. d4 d5 3. f3 e6 4. Nc3 Nd7 5. a3 Qb6 6. Nge2 Be7 7. Ng3 Bh4 8. Be2
Ngf6 9. Be3 O-O 10. Bf2 dxe4 11. fxe4 Bxg3 12. hxg3 Rd8 13. e5 Nd5 14. Bd3 Nf8
15. Nxd5 Rxd5 16. c4 Rd8 17. Qc2 h6 18. O-O-O c5 19. g4 cxd4 20. g5 Qc7 21. Rde1
b5 22. gxh6 g6 23. h7+ Nxh7 24. c5 Rd5 25. Qd2 Rxe5 26. Bxd4 Rxe1+ 27. Rxe1 Qd8
28. Be4 Bd7 29. Bxa8 Qxa8 30. Qh6 Qf8 31. Qxf8+ Nxf8 32. g4 g5 33. Bf6 Nh7 34.
Be7 Bc6 35. Rd1 Bf3 36. Rd6 Kg7 37. c6 e5 38. c7 Bxg4 39. Rd8 e4 40. Kd2 Be6 41.
c8=Q Bxc8 42. Rxc8 f5 43. Ke3 Kf7 44. Rc7 Kg6 45. Rxa7 Kh5 46. Ra8 Kg6 47. Rb8
Kf7 48. Rb7 Ke6 49. b3 g4 50. Kf4 g3 51. Kxg3 Kd5 52. Rxb5+ 1-0

[Event "ch-RUS Rapid Women"]
[Site "Olginka RUS"]
[Date "2011.04.26"]
[Round "7"]
[White "Kovanova, Baira"]
[Black "Turova, Irina"]
[Result "1/2-1/2"]
[WhiteTitle "WGM"]
[BlackTitle "IM"]
[WhiteElo "2376"]
[BlackElo "2428"]
[WhiteFideId "4164083"]
[BlackFideId "4120876"]
[EventDate "2011.04.25"]

1. e4 e5 2. Nf3 Nc6 3. Bb5 f5 4. d3 fxe4 5. dxe4 Nf6 6. Nc3 d6 7. O-O Be7 8. Qd3
Be6 9. Ng5 Bg8 10. Nd5 a6 11. Nxe7 Qxe7 12. Bxc6+ bxc6 13. f4 h6 14. Nf3 Bh7 15.
fxe5 dxe5 16. Qc3 O-O 17. Be3 Nxe4 18. Qxe5 Qxe5 19. Nxe5 Nd6 20. Nxc6 1/2-1/2

[Event "ch-RUS Rapid Women"]
[Site "Olginka RUS"]
[Date "2011.04.26"]
[Round "7"]
[White "Galliamova, Alisa"]
[Black "Kashlinskaya, Alina"]
[Result "1/2-1/2"]
[WhiteTitle "IM"]
[BlackTitle "WGM"]
[WhiteElo "2497"]
[BlackElo "2320"]
[WhiteFideId "4129725"]
[BlackFideId "4198026"]
[EventDate "2011.04.25"]

1. d4 d5 2. c4 e6 3. Nf3 Nf6 4. Nc3 c5 5. cxd5 Nxd5 6. e4 Nxc3 7. bxc3 cxd4 8.
cxd4 Bb4+ 9. Bd2 Bxd2+ 10. Qxd2 O-O 11. Bc4 b6 12. O-O Bb7 13. Rfe1 Nd7 14. Rad1
Rc8 15. Bd3 h6 16. Bb1 Qc7 17. d5 exd5 18. exd5 Rfd8 19. Bf5 Qd6 20. Nd4 Rc5 21.
Be4 Nf6 22. Nf5 Qd7 23. f3 Bxd5 24. Nxh6+ gxh6 25. Qxh6 Qc6 26. Qg5+ Kh8 27.
Qh6+ Kg8 28. Qg5+ Kh8 29. Qh6+ Kg8 30. Qg5+ Kh8 31. Qh6+ Kg8 1/2-1/2

[Event "ch-RUS Rapid Women"]
[Site "Olginka RUS"]
[Date "2011.04.26"]
[Round "7"]
[White "Bodnaruk, Anastasia"]
[Black "Zaiatz, Elena"]
[Result "0-1"]
[WhiteTitle "IM"]
[BlackTitle "IM"]
[WhiteElo "2423"]
[BlackElo "2426"]
[WhiteFideId "4181751"]
[BlackFideId "4139518"]
[EventDate "2011.04.25"]

1. e4 e5 2. Nf3 Nc6 3. Bc4 Bc5 4. O-O Nf6 5. d4 Bxd4 6. Nxd4 Nxd4 7. f4 d6 8.
fxe5 dxe5 9. Bg5 Qe7 10. Na3 Bd7 11. c3 Ne6 12. Bxf6 gxf6 13. Qf3 Rg8 14. Qxf6
Nf4 15. Bxf7+ Qxf7 16. Qxe5+ Qe6 17. Qxf4 O-O-O 18. Rae1 Rg4 19. Qf6 Qxa2 20.
Re2 Rg6 21. Qe7 Qg8 22. Rd2 Rg7 23. Qf6 Re8 24. Rf4 Rge7 25. Qd4 Kb8 26. c4 a6
27. Nb1 Be6 28. b3 Qg5 29. Rff2 Rd7 30. Qc3 Qc5 31. Rxd7 Bxd7 32. b4 Qh5 33. Qf3
Bg4 34. Qf4 Be6 35. Nd2 Bxc4 36. Qf3 Qb5 37. Qc3 Be6 38. Nf3 Rd8 39. Nd4 Qc4 40.
Qxc4 Bxc4 41. Rd2 Kc8 42. Kf2 Re8 43. Kf3 Bf7 44. g4 b6 45. Kf4 Rd8 46. e5 c5
47. bxc5 bxc5 48. Nf3 Bd5 49. Ng5 h6 50. Nh7 a5 51. Nf6 Be6 52. Rc2 c4 53. Ne4
Kc7 54. Nd6 Kc6 55. Nxc4 Rd4+ 56. Ke3 Rxc4 57. Rd2 Bd5 58. h3 a4 59. Rf2 Re4+
60. Kd3 Rxe5 61. Rf6+ Re6 62. Rf8 a3 63. Ra8 a2 64. Kc2 Re2+ 65. Kc3 Re1 66. Kb2
Rb1+ 67. Kc3 a1=Q+ 0-1

[Event "ch-RUS Rapid Women"]
[Site "Olginka RUS"]
[Date "2011.04.26"]
[Round "7"]
[White "Gubernatorova, Lyudmila"]
[Black "Girya, Olga"]
[Result "1-0"]
[BlackTitle "WGM"]
[WhiteElo "2266"]
[BlackElo "2425"]
[WhiteFideId "4123840"]
[BlackFideId "4195752"]
[EventDate "2011.04.25"]

1. d4 d5 2. c4 c6 3. Nf3 Nf6 4. Nc3 dxc4 5. e4 b5 6. e5 Nd5 7. a4 e6 8. axb5
Nxc3 9. bxc3 cxb5 10. Ng5 Qd7 11. Qh5 h6 12. Be2 Bb7 13. Bf3 hxg5 14. Qxh8 Bxf3
15. Ba3 1-0

[Event "ch-RUS Rapid Women"]
[Site "Olginka RUS"]
[Date "2011.04.26"]
[Round "7"]
[White "Kabanova, Ekaterina"]
[Black "Novikova, Anna"]
[Result "0-1"]
[WhiteTitle "WFM"]
[BlackTitle "WIM"]
[WhiteElo "2190"]
[BlackElo "2240"]
[WhiteFideId "24112917"]
[BlackFideId "4146794"]
[EventDate "2011.04.25"]

1. c4 e6 2. e3 d5 3. Qc2 Nf6 4. Nf3 Nbd7 5. a3 Bd6 6. b4 c6 7. Bb2 e5 8. d3 O-O
9. Nbd2 Qe7 10. c5 Bc7 11. e4 Rd8 12. Be2 Nf8 13. O-O Bg4 14. Rfe1 Ng6 15. Bf1
dxe4 16. dxe4 Rd7 17. h3 Bxf3 18. Nxf3 Rad8 19. Bc3 h6 20. g3 Nh7 21. h4 Qf6 22.
Re3 Ngf8 23. Nh2 h5 24. Rf3 Qg6 25. Rf5 Ne6 26. Bxe5 Bxe5 27. Rxe5 Rd2 28. Qb3
Qf6 29. f4 Nxf4 30. gxf4 Qxf4 31. Nf3 Qg3+ 32. Kh1 Rh2+ 33. Nxh2 Qxb3 34. Re7
Nf6 35. Bg2 Qg3 36. Nf3 Ng4 37. Re1 Rd2 38. Re8+ Kh7 39. Ng5+ Kg6 40. Re6+ 0-1

[Event "ch-RUS Rapid Women"]
[Site "Olginka RUS"]
[Date "2011.04.26"]
[Round "7"]
[White "Ambartsumova, Karina"]
[Black "Sukhareva, Valentina"]
[Result "1-0"]
[WhiteTitle "WIM"]
[WhiteElo "2308"]
[BlackElo "1936"]
[WhiteFideId "4166299"]
[BlackFideId "4162331"]
[EventDate "2011.04.25"]

1. e4 e5 2. Nf3 d6 3. d4 Nd7 4. Nc3 c6 5. a4 Be7 6. Bc4 Ngf6 7. O-O h6 8. Re1
Qc7 9. b3 Nf8 10. Nh4 Bg4 11. f3 Be6 12. Nf5 Bxf5 13. exf5 O-O-O 14. Bxf7 exd4
15. Qxd4 c5 16. Qd3 Kb8 17. Bf4 Rd7 18. Rxe7 Qd8 1-0

[Event "ch-RUS Rapid Women"]
[Site "Olginka RUS"]
[Date "2011.04.26"]
[Round "8"]
[White "Gunina, Valentina"]
[Black "Zaiatz, Elena"]
[Result "1/2-1/2"]
[WhiteTitle "WGM"]
[BlackTitle "IM"]
[WhiteElo "2472"]
[BlackElo "2426"]
[WhiteFideId "4167570"]
[BlackFideId "4139518"]
[EventDate "2011.04.25"]

1. d4 Nf6 2. Nf3 d5 3. c4 e6 4. Nc3 dxc4 5. e3 a6 6. a4 c5 7. Bxc4 Nc6 8. O-O
Be7 9. Qe2 cxd4 10. exd4 Nxd4 11. Nxd4 Qxd4 12. Rd1 Qh4 13. g3 Qh5 14. Qxh5 Nxh5
15. a5 Bd7 16. Ne4 Bc6 17. Nd6+ Kf8 18. b3 Nf6 19. Ba3 Nd5 20. Rac1 Rd8 21. Bxd5
exd5 22. Nc4 Bxa3 23. Nxa3 d4 24. Nc2 d3 25. Nb4 Bb5 26. Rc7 h5 27. Rxb7 Rh6 28.
Rd2 Re6 29. Kf1 Re4 30. Rxb5 axb5 31. Rxd3 Red4 32. Rxd4 Rxd4 33. a6 Rd1+ 34.
Ke2 Ra1 35. Kd3 Ke7 36. Kc3 Kd6 37. Kb2 Ra5 38. f4 g6 39. Kc3 f6 40. Kb2 Kc5 41.
Kc3 Ra1 42. Kb2 Rd1 43. a7 Rd8 44. Kc3 Kb6 45. Nd5+ Kxa7 46. Nxf6 Rd1 47. h4 Kb6
48. Ne4 Kc6 49. Kc2 Rg1 50. Kd3 Kd5 51. Nc3+ Kc5 52. Ne2 Rd1+ 53. Kc2 Rd7 54.
Kc3 b4+ 55. Kc2 Ra7 56. f5 gxf5 57. Nf4 Ra2+ 58. Kd3 Rb2 59. Ne6+ Kd6 60. Ng7
Rxb3+ 61. Kc4 Rf3 62. Kxb4 Ke7 63. Nxh5 Kf7 64. Kc4 Kg6 65. Nf4+ Kh6 66. Kd4
Rxg3 67. Ke5 Rg4 68. Kxf5 Rxh4 69. Ne6 Rh1 70. Nf4 1/2-1/2

[Event "ch-RUS Rapid Women"]
[Site "Olginka RUS"]
[Date "2011.04.26"]
[Round "8"]
[White "Pogonina, Natalija"]
[Black "Kovanova, Baira"]
[Result "1/2-1/2"]
[WhiteTitle "WGM"]
[BlackTitle "WGM"]
[WhiteElo "2446"]
[BlackElo "2376"]
[WhiteFideId "4147855"]
[BlackFideId "4164083"]
[EventDate "2011.04.25"]

1. e4 e5 2. Nf3 Nc6 3. Bb5 a6 4. Ba4 Nf6 5. O-O Be7 6. d3 b5 7. Bb3 O-O 8. a4 b4
9. a5 d6 10. Nbd2 Rb8 11. Bc4 Na7 12. Re1 Nb5 13. Nf1 h6 14. h3 Re8 15. Ng3 Bf8
16. d4 exd4 17. Nxd4 Nxd4 18. Qxd4 d5 19. Rd1 c5 20. Qd3 Bg4 21. hxg4 dxc4 22.
Qe2 Qc7 23. g5 hxg5 24. Bxg5 Qe5 25. Bxf6 Qxf6 26. Qxc4 Qxb2 27. Rab1 Qf6 28.
Rd7 Rbd8 29. Rbd1 Rxd7 30. Rxd7 Bd6 31. Nf1 Rc8 32. Ra7 Rc6 33. Ra8+ Kh7 34. Qd5
Be5 35. Re8 Re6 36. Rxe6 fxe6 37. Qxc5 Bd4 38. Qh5+ Kg8 39. Qe8+ Kh7 40. Qh5+
Kg8 41. Qe8+ 1/2-1/2

[Event "ch-RUS Rapid Women"]
[Site "Olginka RUS"]
[Date "2011.04.26"]
[Round "8"]
[White "Gubernatorova, Lyudmila"]
[Black "Vasilevich, Irina"]
[Result "1/2-1/2"]
[BlackTitle "IM"]
[WhiteElo "2266"]
[BlackElo "2324"]
[WhiteFideId "4123840"]
[BlackFideId "4141296"]
[EventDate "2011.04.25"]

1. d4 e6 2. c4 Bb4+ 3. Bd2 a5 4. e4 d6 5. Nf3 Nc6 6. d5 Bxd2+ 7. Qxd2 Nce7 8.
Qg5 Ng6 9. Qxd8+ Kxd8 10. h4 e5 11. h5 Nf8 12. Be2 h6 13. c5 Nf6 14. Nc3 N8d7
15. cxd6 cxd6 16. Nd2 Nc5 17. f3 Ke7 18. g4 Nfd7 19. Nc4 b6 20. Nb5 Nb7 21. Kd2
Rd8 22. Rhc1 a4 23. Nc7 Rb8 24. Na6 Ra8 25. Nc7 Rb8 26. Na6 Ra8 1/2-1/2

[Event "ch-RUS Rapid Women"]
[Site "Olginka RUS"]
[Date "2011.04.26"]
[Round "8"]
[White "Kashlinskaya, Alina"]
[Black "Sukhareva, Evgeniya"]
[Result "1-0"]
[WhiteTitle "WGM"]
[WhiteElo "2320"]
[BlackElo "2180"]
[WhiteFideId "4198026"]
[BlackFideId "4167155"]
[EventDate "2011.04.25"]

1. d4 d5 2. c4 e6 3. Nc3 Nf6 4. cxd5 exd5 5. Bg5 c6 6. e3 Bf5 7. Qf3 Bg6 8. Bxf6
Qxf6 9. Qxf6 gxf6 10. h4 h6 11. h5 Bh7 12. Kd2 Nd7 13. Bd3 Bxd3 14. Kxd3 Bd6 15.
Nf3 Ke7 16. Nh4 Rag8 17. Rag1 Kd8 18. Nf5 Bc7 19. g4 Re8 20. b4 Re6 21. Rb1 Nb6
22. b5 Kd7 23. a4 Nc4 24. e4 Nb6 25. a5 Nc4 26. a6 cxb5 27. Rxb5 Nb6 28. exd5
Ree8 29. axb7 Rb8 30. Ne4 Rxb7 31. Nc5+ Kc8 32. Nxb7 Kxb7 33. Re1 Rg8 34. f3 a6
35. Rc5 Nd7 36. Rb1+ Bb6 37. Nd6+ Ka7 38. Nc8+ Kb7 39. Nxb6 1-0

[Event "ch-RUS Rapid Women"]
[Site "Olginka RUS"]
[Date "2011.04.26"]
[Round "8"]
[White "Girya, Olga"]
[Black "Tomilova, Elena"]
[Result "1-0"]
[WhiteTitle "WGM"]
[BlackTitle "WIM"]
[WhiteElo "2425"]
[BlackElo "2315"]
[WhiteFideId "4195752"]
[BlackFideId "4162340"]
[EventDate "2011.04.25"]

1. d4 Nf6 2. Nf3 g6 3. Bg5 Bg7 4. Nbd2 d5 5. Bxf6 Bxf6 6. e4 dxe4 7. Nxe4 Bg7 8.
Bc4 O-O 9. c3 c6 10. O-O Bg4 11. h3 Bxf3 12. Qxf3 Nd7 13. Rad1 Nf6 14. Nc5 Qb6
15. Rfe1 e6 16. Bb3 Rfe8 17. Nd3 a5 18. Rd2 Qc7 19. Ne5 Nd5 20. Rde2 Rad8 21.
Ng4 Qe7 22. g3 h5 23. Ne5 Qf6 24. Qe4 Re7 25. h4 Ree8 26. Rd1 Qe7 27. Rd3 Qc7
28. Re1 Re7 29. Nf3 Red7 30. Ng5 c5 31. dxc5 Qxc5 32. Red1 Qc6 33. Qf3 a4 34.
Bxd5 exd5 35. Qf4 b5 36. Qe3 Bf6 37. Nf3 Qc4 38. a3 Re7 39. Qd2 Rde8 40. Nd4 Kg7
41. Qf4 Re1+ 42. Kg2 Bxd4 43. Rxe1 Rxe1 44. Rxd4 Re2 1-0

[Event "ch-RUS Rapid Women"]
[Site "Olginka RUS"]
[Date "2011.04.26"]
[Round "8"]
[White "Sukhareva, Valentina"]
[Black "Bodnaruk, Anastasia"]
[Result "0-1"]
[BlackTitle "IM"]
[WhiteElo "1936"]
[BlackElo "2423"]
[WhiteFideId "4162331"]
[BlackFideId "4181751"]
[EventDate "2011.04.25"]

1. d4 Nf6 2. f4 g6 3. c4 Bg7 4. Nc3 O-O 5. e4 d6 6. Nf3 c5 7. d5 e6 8. Be2 exd5
9. cxd5 Bg4 10. O-O Nfd7 11. h3 Bxf3 12. Bxf3 Na6 13. Rb1 Nc7 14. Be3 Re8 15.
Qd3 Rb8 16. a4 Na6 17. Nb5 Nb4 18. Qb3 Nb6 19. Nc3 a6 20. Rbd1 Nd7 21. Be2 Qb6
22. Bg4 f5 23. Bf3 Nf6 24. e5 dxe5 25. fxe5 Rxe5 26. Bf4 c4+ 27. Kh2 cxb3 28.
Bxe5 Ng4+ 0-1

[Event "ch-RUS Rapid Women"]
[Site "Olginka RUS"]
[Date "2011.04.26"]
[Round "8"]
[White "Fominykh, Maria"]
[Black "Semenova, Elena"]
[Result "1/2-1/2"]
[WhiteTitle "WIM"]
[BlackTitle "WFM"]
[WhiteElo "2303"]
[BlackElo "2170"]
[WhiteFideId "4142411"]
[BlackFideId "24125148"]
[EventDate "2011.04.25"]

1. d4 f5 2. g3 Nf6 3. Bg2 g6 4. c4 Bg7 5. Nc3 d6 6. d5 O-O 7. Nh3 Na6 8. Be3 Rb8
9. Bxa7 Ra8 10. Bd4 Nc5 11. O-O e5 12. dxe6 Nxe6 13. Be3 Ng4 14. Bd2 Ne5 15. b3
Nc6 16. Qc1 Qf6 17. Rb1 Qf7 18. Bh6 Re8 19. Bxg7 Qxg7 20. a4 Nc5 21. e3 Ne5 22.
Nf4 Bd7 23. Ncd5 Bc6 24. b4 Nxa4 25. b5 Bxd5 26. Bxd5+ Kh8 27. Bxb7 Rab8 28. Bg2
Nc3 29. Rb3 Ne4 30. Ne2 Qf7 31. Rb4 Nd3 32. Qa1+ Qg7 33. Nd4 Nxb4 34. Qa3 c5 35.
bxc6 Qc7 36. Nb5 Qxc6 37. Qxb4 d5 38. Qb2+ Kg8 39. Qa3 Qxc4 40. Nd6 Nxd6 41.
Qxd6 Rbd8 42. Qf6 d4 43. exd4 Qxd4 44. Qg5 Re2 45. Bf3 Rb2 46. h4 Qd2 47. Qf6
Qd4 48. Qe6+ Kg7 49. Qe7+ Kg8 50. Qe6+ Kg7 51. Qe7+ Kg8 52. Qe6+ Kg7 53. Qe7+
Kg8 54. Qe6+ Kh8 55. h5 Qd6 56. Qe3 Qd4 57. Qe7 Qd6 58. Qe3 Qd4 59. Qe7 Qd6 60.
Qg5 Qb6 61. hxg6 hxg6 62. Kg2 Rdd2 63. Qh4+ Kg8 64. Qc4+ Kf8 65. Qc8+ Kg7 66.
Qc3+ Kf8 67. Qh8+ Kf7 68. Qh7+ Kf6 69. Qh8+ Kf7 70. Qh7+ Kf8 71. Qh8+ Kf7 72.
Qh7+ Kf8 73. Qh8+ Kf7 74. Qh7+ Kf6 75. Qh8+ Kf7 76. Qh7+ 1/2-1/2

[Event "ch-RUS Rapid Women"]
[Site "Olginka RUS"]
[Date "2011.04.26"]
[Round "8"]
[White "Kabanova, Ekaterina"]
[Black "Shaydullina, Sandugach"]
[Result "1-0"]
[WhiteTitle "WFM"]
[BlackTitle "WGM"]
[WhiteElo "2190"]
[BlackElo "2178"]
[WhiteFideId "24112917"]
[BlackFideId "4140389"]
[EventDate "2011.04.25"]

1. c4 e6 2. Nf3 Nf6 3. a3 d5 4. e3 c5 5. b3 Nc6 6. Bb2 Be7 7. Qc2 O-O 8. d3 d4
9. e4 e5 10. Be2 Ne8 11. Nbd2 Nd6 12. O-O g6 13. Rfe1 f5 14. exf5 gxf5 15. h3
Kh8 16. Nh2 Rg8 17. Bf3 Bf6 18. Nhf1 Bd7 19. Kh2 Qc7 20. Ng3 Rae8 21. Bd5 Rg6
22. Kh1 Bh4 23. Ndf1 Qd8 24. Qe2 Qg5 25. Qf3 e4 26. dxe4 Ne5 27. Qh5 f4 28. Qxg5
Rxg5 29. Nf5 Nxf5 30. exf5 Nd3 31. Rxe8+ Bxe8 32. Bc1 Nxf2+ 33. Kh2 Rxf5 34.
Bxb7 d3 35. Bd2 Bf6 36. Re1 Bh5 37. g4 fxg3+ 38. Nxg3 Re5 39. Rf1 Re7 40. Rxf2
Bd4 41. Rg2 1-0

[Event "ch-RUS Rapid Women"]
[Site "Olginka RUS"]
[Date "2011.04.26"]
[Round "9"]
[White "Turova, Irina"]
[Black "Gunina, Valentina"]
[Result "1-0"]
[WhiteTitle "IM"]
[BlackTitle "WGM"]
[WhiteElo "2428"]
[BlackElo "2472"]
[WhiteFideId "4120876"]
[BlackFideId "4167570"]
[EventDate "2011.04.25"]

1. d4 d5 2. c4 c6 3. e3 Nf6 4. Nf3 Bf5 5. Bd3 Bxd3 6. Qxd3 e6 7. O-O Nbd7 8. Nc3
Bb4 9. Bd2 a5 10. b3 O-O 11. Na4 Qe7 12. c5 Bxd2 13. Nxd2 e5 14. dxe5 Nxe5 15.
Qc3 Rad8 16. Qxa5 Nfg4 17. h3 f5 18. Qc3 Nf6 19. Nb2 Ne4 20. Qd4 Nxc5 21. b4 Ne4
22. f3 Ng3 23. Rfe1 Rde8 24. b5 Ng6 25. bxc6 bxc6 26. Nd3 Qg5 27. f4 Qh5 28. Kh2
Ne2 29. Qc5 d4 30. Nf3 Rxe3 31. Nxd4 Rd8 32. Nxf5 Rxh3+ 33. gxh3 Kh8 34. Nd6 Qf3
35. Qf2 Qxd3 36. Nf7+ Kg8 37. Nxd8 Ngxf4 38. Qxf4 h6 39. Qf2 Qd6+ 40. Kh1 Nd4
41. Re8+ Kh7 42. Rh8+ Kg6 43. Rg1+ Kh5 44. Qg2 1-0

[Event "ch-RUS Rapid Women"]
[Site "Olginka RUS"]
[Date "2011.04.26"]
[Round "9"]
[White "Zaiatz, Elena"]
[Black "Pogonina, Natalija"]
[Result "1-0"]
[WhiteTitle "IM"]
[BlackTitle "WGM"]
[WhiteElo "2426"]
[BlackElo "2446"]
[WhiteFideId "4139518"]
[BlackFideId "4147855"]
[EventDate "2011.04.25"]

1. d4 Nf6 2. c4 e6 3. Nc3 Bb4 4. e3 O-O 5. Bd3 d5 6. Nf3 Nc6 7. O-O dxc4 8. Bxc4
Bd6 9. Bb5 a6 10. Bxc6 bxc6 11. e4 Be7 12. e5 Nd7 13. Be3 c5 14. d5 exd5 15.
Nxd5 Bb7 16. Rc1 Nxe5 17. Nxe7+ Qxe7 18. Bxc5 Nxf3+ 19. Qxf3 Bxf3 20. Bxe7 Rfe8
21. Rxc7 Bd5 22. b3 a5 23. Rd1 Be6 24. Rd2 a4 25. bxa4 Rxa4 26. a3 Re4 27. f3
Re1+ 28. Kf2 Ra1 29. Bb4 h6 30. Re7 Rc8 31. h4 h5 32. Ra7 Rc4 33. Be7 Kh7 34.
Ra5 Kh6 35. Kg3 f6 36. Ra7 Rc8 37. Bb4 Ra2 38. Rxa2 Bxa2 39. a4 g5 40. Bd2 Rc6
41. Ra5 Rd6 42. hxg5+ Kg6 43. Bf4 Rc6 44. gxf6 Rxf6 45. Rg5+ Kh6 46. Rf5+ Kg6
47. Rxf6+ Kxf6 48. a5 Bc4 49. Kh4 Bf1 50. Kg3 Kf5 51. Bd2 Bb5 52. Kh4 Bf1 53.
Kg3 Bd3 54. Bb4 Bf1 55. Be7 Bb5 56. Kf2 Ba6 57. Ke3 Ke6 58. Bh4 Ke5 59. Bd8 Kf5
60. Bc7 Bb7 61. Kd4 h4 62. Ke3 Kg5 63. Bd8+ Kh5 64. Kf4 Ba6 65. Bxh4 Kxh4 66. g4
Bb7 67. g5 Kh5 68. Kf5 Bxf3 69. a6 Ba8 70. Kf6 Bc6 71. g6 Kh6 72. g7 Kh7 73. Kf7
Bd5+ 74. Kf8 1-0

[Event "ch-RUS Rapid Women"]
[Site "Olginka RUS"]
[Date "2011.04.26"]
[Round "9"]
[White "Kovanova, Baira"]
[Black "Gubernatorova, Lyudmila"]
[Result "1-0"]
[WhiteTitle "WGM"]
[WhiteElo "2376"]
[BlackElo "2266"]
[WhiteFideId "4164083"]
[BlackFideId "4123840"]
[EventDate "2011.04.25"]

1. e4 e6 2. d3 d5 3. Qe2 Be7 4. Nf3 c5 5. g3 Nf6 6. Bg2 Nc6 7. O-O O-O 8. e5 Nd7
9. h4 f6 10. exf6 Nxf6 11. c3 Kh8 12. d4 cxd4 13. cxd4 Ne4 14. Nc3 Bf6 15. Nxe4
dxe4 16. Qxe4 Nxd4 17. Ng5 g6 18. h5 Bxg5 19. Bxg5 Qxg5 20. Qxd4+ e5 21. Qc5 Bg4
22. hxg6 hxg6 23. f4 Qh5 24. fxe5 Bf3 25. Qe3 Bxg2 26. Kxg2 Kg8 27. Qb3+ Kg7 28.
Qxb7+ Kg8 29. Qd5+ Kg7 30. Qd7+ Kg8 31. Qd5+ Kg7 32. Qb7+ Kg8 33. Qd5+ Kg7 34.
Qd7+ Kg8 35. Qd5+ Kg7 36. Qe4 Rad8 37. Rxf8 Rxf8 38. Rh1 Qg5 39. Qb7+ Rf7 40.
Rh7+ Kxh7 41. Qxf7+ 1-0

[Event "ch-RUS Rapid Women"]
[Site "Olginka RUS"]
[Date "2011.04.26"]
[Round "9"]
[White "Vasilevich, Irina"]
[Black "Kashlinskaya, Alina"]
[Result "1-0"]
[WhiteTitle "IM"]
[BlackTitle "WGM"]
[WhiteElo "2324"]
[BlackElo "2320"]
[WhiteFideId "4141296"]
[BlackFideId "4198026"]
[EventDate "2011.04.25"]

1. c4 g6 2. g3 Bg7 3. Bg2 d6 4. Nc3 e5 5. Rb1 f5 6. b4 Nc6 7. b5 Nce7 8. Bb2 Nf6
9. d3 O-O 10. Nf3 h6 11. O-O Be6 12. Qc2 b6 13. Nd2 Rb8 14. Qa4 Nc8 15. Nd5 g5
16. Nxf6+ Qxf6 17. f4 Qg6 18. fxe5 Bxe5 19. Nf3 Bxb2 20. Rxb2 f4 21. Nd4 Bg4 22.
Nc6 Ra8 23. Qb3 f3 24. exf3 Bf5 25. Rd2 Qg7 26. f4 Ne7 27. fxg5 Nxc6 28. Bxc6
Qd4+ 29. Rdf2 Bxd3 30. Bxa8 Bxf1 31. Bd5+ Kh7 32. Qb2 Qd1 33. Be4+ Kg8 34. Rxf8+
Kxf8 35. Qf6+ Ke8 36. Bc6# 1-0